00623nam a2200145Ia 4500008004100000040001800041041000800059245023800067260003600305300001800341490002800359500004500387650001400432700003100446130821s1962 fr gr spa  aCo-BoUCMbspa aspa aUrbanización en América Latina . Documentos del Seminario sobre problemas de urbanización en América Latina, patrocinado conjuntamente por la ONU, la CEPAL y la Unesco, con la cooperación de la OIT y la OEAcPhilip M.Hauser aParís (Francia)bUnescoc1962 a340 páginas aTecnología y sociedad aNotas bibliográficas al pie del texto.04aUrbanismo aHaauser, Philip M., Editor